Using SPSS for Windows and Macintosh analyzing and understanding data / (Record no. 2591)

000 -LEADER
fixed length control field 01084cam a2200325 a 4500
001 - CONTROL NUMBER
control field 16354397
003 - CONTROL NUMBER IDENTIFIER
control field OSt
005 - DATE AND TIME OF LATEST TRANSACTION
control field 20160808131755.0
008 - FIXED-LENGTH DATA ELEMENTS--GENERAL INFORMATION
fixed length control field 100729s2011 maua b 001 0 eng
010 ## - LIBRARY OF CONGRESS CONTROL NUMBER
LC control number 2010029460
020 ## - INTERNATIONAL STANDARD BOOK NUMBER
International Standard Book Number 9780205020409 (pbk.)
020 ## - INTERNATIONAL STANDARD BOOK NUMBER
International Standard Book Number 0205020402
035 ## - SYSTEM CONTROL NUMBER
System control number (OCoLC)ocn651153709
040 ## - CATALOGING SOURCE
Original cataloging agency DLC
Transcribing agency DLC
Modifying agency YDX
-- YDXCP
-- DLC
042 ## - AUTHENTICATION CODE
Authentication code pcc
050 00 - LIBRARY OF CONGRESS CALL NUMBER
Classification number HA32.G737 2011
082 00 - DEWEY DECIMAL CLASSIFICATION NUMBER
Classification number 005.5/5
Edition number 22
100 1# - MAIN ENTRY--PERSONAL NAME
Personal name Green, Samuel B.,
Dates associated with a name 1947-
245 10 - TITLE STATEMENT
Title Using SPSS for Windows and Macintosh analyzing and understanding data /
Statement of responsibility, etc Samuel B. Green, Neil J. Salkind.
250 ## - EDITION STATEMENT
Edition statement 6th ed.
260 ## - PUBLICATION, DISTRIBUTION, ETC. (IMPRINT)
Place of publication, distribution, etc Boston :
Name of publisher, distributor, etc Prentice Hall,
Date of publication, distribution, etc c2011.
300 ## - PHYSICAL DESCRIPTION
Extent xv, 459 p. :
Other physical details ill. ;
Dimensions 28 cm.
504 ## - BIBLIOGRAPHY, ETC. NOTE
Bibliography, etc Includes bibliographical references and index.
630 00 - SUBJECT ADDED ENTRY--UNIFORM TITLE
Uniform title SPSS (Computer file)
650 #0 - SUBJECT ADDED ENTRY--TOPICAL TERM
Topical term or geographic name as entry element Social sciences
General subdivision Statistical methods
-- Computer programs.
700 1# - ADDED ENTRY--PERSONAL NAME
Personal name Salkind, Neil J.
906 ## - LOCAL DATA ELEMENT F, LDF (RLIN)
a 7
b cbc
c orignew
d 1
e ecip
f 20
g y-gencatlg
942 ## - ADDED ENTRY ELEMENTS (KOHA)
Source of classification or shelving scheme
Koha item type Book
Holdings
Withdrawn status Lost status Source of classification or shelving scheme Damaged status Not for loan Home library Current library Shelving location Date acquired Total Checkouts Full call number Barcode Date last seen Copy number Price effective from Koha item type
          Riara University Library Riara University Library General stack 08/08/2016   HA32.G737 2011 8010/16 08/08/2016 C.1 08/08/2016 Book

Riara University Library,
P.O. Box 49940-00100,
Nairobi, Kenya.